000 01494cam a22003371a 4500
001 e 20000303
003 DLC
005 20260227111211.0
008 860723s1919 dcu f000 0 eng c
010 _ae 20000303
035 _a(OCoLC)13919873
040 _aLibrary, U.S. Office of Education
_cABAU
_dABAU
_dDLC
042 _apremarc
050 0 0 _aL111
_b.A6 1919, no. 54
051 _aLA672
_b.P4
100 1 _aPearson, P. H.
_q(Peter Henry),
_d1864-1940.
245 1 4 _aThe schools of Austria-Hungary /
_cby Peter H. Pearson.
260 _aWashington :
_bG.P.O.,
_c1919.
300 _a31 p. ;
_c23 cm.
490 1 _aBulletin / Department of the Interior, Bureau of Education ;
_v1919, no. 54
500 _a"Advance sheets from the Biennial survey of education, 1916-1918."
501 _aCopies 1 and 2 of L111.A6 with: Application of commercial advertising methods to university extension / Mary Burchard Orvis. Washington : Govt. Print. Off., 1919. Bound together subsequent to publication.
_5DLC
504 _aIncludes bibliographical references.
530 _aAlso available in digital form on the Internet Archive Web site.
530 _aAlso available in digital form on the Internet Archive Web site.
650 0 _aEducation
_zAustria.
650 0 _aEducation
_zHungary.
830 0 _aBulletin (United States. Bureau of Education) ;
_v1919, no. 54
856 4 1 _uhttp://hdl.loc.gov/loc.gdc/scd0001.00215024891
856 4 1 _uhttp://hdl.loc.gov/loc.gdc/scd0001.00215024891
999 _c20356
_d20356